000 00549nam a2200181 a 4500
001 000046883
005 20201002053201.0
008 180405s2004 dr a 000 0 spa d
020 _a978994544414X
040 _aDO-SdBNP
_bspa
_cBNPHU
082 _axxx
_bC965e, 5to.
100 _aCuello del Orbe, Elisa Ysabel
_974001
245 0 _aEducación sexual 5 /
_cElisa Ysabel Cuello del Orbe.
260 _aSanto Domingo :
_bActualidad,
_c[s.f.].
300 _a72p. :
_bil. ;
_c28 cm.
504 _aBibliografía: p. 64
590 _aInventariado, 2018/MFF
999 _c46372
_d46372